| Tag |
First Indicator |
Second Indicator |
Subfields |
| LEADER |
00000cam a2200000 i 4500 |
| 001 |
in00000034885 |
| 005 |
20151007063431.0 |
| 008 |
800208s1900 nyuc 00010 eng d |
| 010 |
|
|
|a 04017136
|
| 035 |
|
|
|a (OCoLC)05967315
|
| 035 |
|
|
|9 AAD7399AM
|
| 040 |
|
|
|a ZWU
|c ZWU
|d TXA
|d UtOrBLW
|
| 049 |
|
|
|a TXAM
|v 1 [170223]
|v 2 [170224]
|
| 050 |
|
0 |
|a PR4419.C5
|b A8
|
| 092 |
|
|
|a 826
|b C286Yo
|
| 100 |
1 |
|
|a Carlyle, Jane Welsh,
|d 1801-1866.
|
| 245 |
1 |
0 |
|a Letters and memorials of Jane Welsh Carlyle /
|c prepared for publication by Thomas Carlyle; ed. by James Anthony Froude.
|
| 264 |
|
1 |
|a New York :
|b C. Scribner's Sons,
|c 1900.
|
| 300 |
|
|
|a 2 volumes :
|b frontispiece(portrait) ;
|c 22 cm.
|
| 336 |
|
|
|a text
|b txt
|2 rdacontent
|
| 337 |
|
|
|a unmediated
|b n
|2 rdamedia
|
| 338 |
|
|
|a volume
|b nc
|2 rdacarrier
|
| 700 |
1 |
|
|a Carlyle, Thomas,
|d 1795-1881.
|
| 700 |
1 |
|
|a Froude, James Anthony,
|d 1818-1894.
|
| 999 |
|
|
|a MARS
|
| 999 |
f |
f |
|s 1c122ad3-e944-356c-8a6b-83f19b654098
|i 319e0699-3c75-3c3d-8e2f-5c8ec9a4a1aa
|t 0
|
| 952 |
f |
f |
|p normal
|a Texas A&M University
|b College Station
|c Sterling C. Evans Library
|d Evans: Library Stacks
|t 0
|e PR4419.C5 A8
|h Library of Congress classification
|i unmediated -- volume
|k v.2
|m A14801341537
|
| 952 |
f |
f |
|p normal
|a Texas A&M University
|b College Station
|c Sterling C. Evans Library
|d Evans: Library Stacks
|t 0
|e PR4419.C5 A8
|h Library of Congress classification
|i unmediated -- volume
|k v.1
|m A14801341529
|
| 998 |
f |
f |
|a PR4419.C5 A8
|s v.1-v.2
|t 0
|l Evans: Library Stacks
|